000 01651cam a22004457a 4500
001 000092840
003 CHAP
005 20220329142907.0
008 050118d2004 mx r 00110 spa d
010 _a89306
011 _a90278
035 _a100834
040 _cCHAP
090 _aTesis
100 0 0 _aSantos Cortez, José Francisco.
_9102462
245 1 0 _aCaracterización morfológica y de calidad de 70 genotipos comerciales de jitomate (Lycopersicum esculentum Mill.) /
_c/por José Francisco Santos Cortez y Anabel Vargas Sállago.
260 _aChapingo, Méx. :
_bEl autor,
_c2004.
300 _a43 h.
502 _aTesis (Ing. Agr. Esp. en Fitotecnia) - - UACH. Departamento de Fitotecnia
590 _aALEPH
_b10
_c20130110
_lUCH01
_h1502
590 _aBATCH-UPD
_b10
_c20130110
_lUCH01
_h0727
590 _aBATCH-UPD
_b10
_c20130410
_lUCH01
_h0411
590 _aBATCH-UPD
_b10
_c20130914
_lUCH01
_h2048
590 _aBATCH-UPD
_b10
_c20140324
_lUCH01
_h1447
590 _aBATCH-UPD
_b10
_c20141002
_lUCH01
_h0824
590 _aCONVERSION
_b10
_c20130109
_lUCH01
_h1349
590 _aE792CSJ
_b10
_c20130626
_lUCH01
_h1215
650 1 4 _aTomate
_xCalidad.
_9113692
650 1 4 _aTomate
_xFisiología y morfología.
_9113722
650 1 4 _aTomate
_xMejoramiento.
_9113737
650 1 4 _aTomate
_xVariedades.
_9113777
700 0 _aVargas Sállago, Anabel.
_9118096
856 _3Finding aid
_uhttp://10.13.5.2/tesis/100834.pdf
_zTeclea aquí
901 _aBK
905 _aLilia
942 _cCD
942 _n0
949 _aTesis
_bBC
_cTES
_d100834
_eTS1
_h43211
_i100834
_sb
949 _aTesis
_bBC
_cTES
_d33724000932133
_eTS2
_fc.2
_h43212
_i100834
_si
999 _c89306
_d89306